Sésostris III et la fin de la XIIe dynastie /

محفوظ في:

المؤلف الرئيسي: Tallet, Pierre, 1966- (مؤلف)

التنسيق: كتاب

اللغة: French

منشور في: Paris : Pygmalion, 2015.

سلاسل: Les grands pharaons.

الموضوعات:

الوسوم: إضافة وسم

لا توجد وسوم, كن أول من يضع وسما على هذه التسجيلة!

رقم الطلب: DT85 .T35 2015

LEADER 00848nam a22002777a 4500
003 OSt
005 20260210134333.0
008 260210t2015 fr ab g b 000 0 fre d
010 |a 2005476441 
020 |a 2756416924 
020 |a 9782756416922 
040 |c ARCE Library 
043 |a f-ua--- 
050 1 4 |a DT85  |b .T35 2015 
100 1 |a Tallet, Pierre,   |d 1966-   |e author  |9 40835 
245 1 0 |a Sésostris III et la fin de la XIIe dynastie /   |c Pierre Tallet. 
264 1 |a Paris :   |b Pygmalion,   |c 2015. 
300 |a 334 pages :   |b illustrations, maps ;   |c 24 cm. 
490 0 |a Les grands pharaons. 
500 |a OCLC 906299830 
504 |a Bibliography : pages 319-332. 
600 0 0 |a Sesostris  |b III,  |c King of Egypt. 
651 0 |a Egypt  |x History  |y Twelfth dynasty, 1991 B.C.-ca. 1786 B.C. 
901 |a reviewed 
942 |c BK  |2 lcc 
999 |c 22188  |d 22188